हिन्दी शिक्षण : कैसे करें / (Record no. 70133)
[ view plain ]
| 000 -LEADER | |
|---|---|
| fixed length control field | 01320nam a22002897a 4500 |
| 005 - DATE AND TIME OF LATEST TRANSACTION | |
| control field | 20110426154449.0 |
| 008 - FIXED-LENGTH DATA ELEMENTS--GENERAL INFORMATION | |
| fixed length control field | 090408t xxu||||| |||| 00| 0 hin d |
| 010 ## - LCCN (DPL NO) | |
| LC control number | HIN-96794 |
| 020 ## - INTERNATIONAL STANDARD BOOK NUMBER | |
| Terms of availability | 250.00 |
| International Standard Book Number | 9788188464364 |
| 035 ## - SYSTEM CONTROL NUMBER | |
| System control number | HN-69140 |
| 037 ## - SOURCE OF ACQUISITION | |
| Source of stock number/acquisition | DBAD / PUB |
| 040 ## - CATALOGING SOURCE | |
| Original cataloging agency | DPL |
| Language of cataloging | HN |
| 082 ## - DEWEY DECIMAL CLASSIFICATION NUMBER | |
| Classification number | 425 |
| 100 ## - MAIN ENTRY--PERSONAL NAME | |
| 9 (RLIN) | 27482 |
| Personal name | अय्यर,आशा 'कनुप्रिया' |
| 245 ## - TITLE STATEMENT | |
| Title | हिन्दी शिक्षण : कैसे करें / |
| Statement of responsibility, etc | आशा अय्यर 'कनुप्रिया' |
| 260 ## - PUBLICATION, DISTRIBUTION, ETC. (IMPRINT) | |
| Name of publisher, distributor, etc | जाह्नवी प्रकाशन |
| Date of publication, distribution, etc | 2011 |
| Place of publication, distribution, etc | दिल्ली |
| 270 ## - ADDRESS | |
| Address | ए-71, पहली मंजिल,विवेक विहार फेस-2, |
| City | दिल्ली |
| Postal code | 110095 |
| 300 1# - PHYSICAL DESCRIPTION | |
| Extent | 175पृ |
| Dimensions | 22सेमी (सजिल्द) |
| 650 ## - SUBJECT ADDED ENTRY--TOPICAL TERM | |
| 9 (RLIN) | 1169 |
| 650 ## - SUBJECT ADDED ENTRY--TOPICAL TERM | |
| 9 (RLIN) | 1170 |
| 700 ## - ADDED ENTRY--PERSONAL NAME | |
| 9 (RLIN) | 27483 |
| 710 ## - ADDED ENTRY--CORPORATE NAME | |
| 9 (RLIN) | 52094 |
| 711 ## - ADDED ENTRY--MEETING NAME | |
| Meeting name or jurisdiction name as entry element | सक्सेना,इरा |
| 9 (RLIN) | 52444 |
| 942 ## - ADDED ENTRY ELEMENTS (KOHA) | |
| Institution code [OBSOLETE] | dpl |
| Item type | Hindi Books |
| Source of classification or shelving scheme | Dewey Decimal Classification |
| Call number suffix | अय्यर |
| Classification part | 425 |
| Withdrawn status | Lost status | Source of classification or shelving scheme | Damaged status | Not for loan | Collection code | Home library | Current library | Date acquired | Source of acquisition | Cost, normal purchase price | Total Checkouts | Full call number | Barcode | Date last seen | Copy number | Cost, replacement price | Koha item type |
|---|---|---|---|---|---|---|---|---|---|---|---|---|---|---|---|---|---|
| Dewey Decimal Classification | Not For Loan | Non-fiction | D.B.Act.Division | D.B.Act.Division | 19/09/2012 | DBAD/PUB | 250.00 | 425 अय्यर | HN-69140 | 19/09/2012 | 1 | 250.00 | Hindi Books |
